Every Pasta - Statistics

General Stats
  • This quiz has been taken 48 times
  • The average score is 21 of 174
Answer Stats
Picture Answer % Correct
Spaghetti
98%
Spaghetti Alla Chitarra
85%
Penne
83%
Mezze Penne
78%
Penne Ricce
78%
Ravioli
75%
Rigatoni
75%
Gnocchi
73%
Gnocchi
73%
Lasagne
68%
Macaroni
63%
Tortelli
63%
Linguine
58%
Farfalle
55%
Tortellini
55%
Orzo
53%
Alphabet Pasta
50%
Fettuccine
50%
Fusilli
40%
Tagliatelle
35%
Ziti
33%
Bucatini
30%
Cannelloni
28%
Conchiglie
28%
Fusilli Bucati
28%
Pappardelle
28%
Cavatappi
25%
Ditali
23%
Orecchiette
20%
Vermicelli
20%
Pastina
18%
Tortelloni
18%
Maccheroni alla Molinara
15%
Trofie
13%
Anelli
10%
Anelli
10%
Capelli da Chef
10%
Capellini
10%
Paccheri
10%
Radiatori
10%
Rotelle
10%
Spaghettini
10%
Agnolotti
8%
Campanelle / Torchio
8%
Cappelletti
8%
Gemelli
8%
Maltagliati
8%
Mezze Maniche
8%
Spirali
8%
Acini di Pepe
5%
Anellini
5%
Bigoli
5%
Canederli
5%
Conchiglioni
5%
Fagottini
5%
Gramigna
5%
Mafaldine
5%
Pici
5%
Sedani
5%
Spaghettoni
5%
Stelle
5%
Strozzapreti
5%
Tagliolini
5%
Agnolini
3%
Anchellini
3%
Armonie
3%
Barbine
3%
Bavette
3%
Boccoli
3%
Busiate
3%
Caccavelle
3%
Calamarata
3%
Caramelle
3%
Casarecce
3%
Cascatelli
3%
Casoncelli
3%
Castellane
3%
Casunziei
3%
Cavatelli
3%
Cencioni
3%
Chifferi
3%
Cicioneddos
3%
Conchigliette
3%
Coquillette
3%
Coralli
3%
Corallini
3%
Corzetti
3%
Culurgioni
3%
Cuscussu
3%
Egg Barley
3%
Farfalline
3%
Fazzoletti
3%
Fedelini
3%
Ferrazzuoli
3%
Festoni
3%
Fideos
3%
Fileja
3%
Filini
3%
Fiorentine
3%
Fiori
3%
Fregula
3%
Funghini
3%
Garganelli
3%
Gomiti
3%
Grattini
3%
Grattoni
3%
Lagane
3%
Lanterne
3%
Lasagnette
3%
Lasagnotte
3%
Lorighittas
3%
Lumache
3%
Maccheroncelli
3%
Maccheroncini di Campofilone
3%
Mafalde
3%
Malloreddus
3%
Mandala
3%
Margheritine
3%
Marille
3%
Matriciani
3%
Merletti
3%
Mezzani
3%
Mezzelune
3%
Mezzi Bombardoni
3%
Midolline
3%
Nuvole
3%
Occhi di Lupo
3%
Occhi di Passero
3%
Occhi di Pernice
3%
Pansotti
3%
Passatelli
3%
Pasta al Ceppo
3%
Pavese Agnolotti
3%
Perciatelli
3%
Picagge
3%
Picchiarelli
3%
Pillus
3%
Piombi
3%
Pipe Rigate
3%
Pizzoccheri
3%
Ptitim
3%
Puntine
3%
Quadrefiore
3%
Quadrettini
3%
Riccioli
3%
Ricciolini
3%
Ricciutelle
3%
Rigatoncini
3%
Rombi
3%
Rustiche
3%
Sacchettoni
3%
Sagnarelli
3%
Sagne’ncannulate
3%
Sagnette
3%
Scialatelli
3%
Sorprese
3%
Spiralini
3%
Stortini
3%
Strapponi
3%
Stringozzi
3%
Su Filindeu
3%
Testaroli
3%
Treccioni
3%
Trenette
3%
Trenne
3%
Tripoline
3%
Tripolini
3%
Tufoli
3%
Tufolli
3%
Vesuvio
3%
Cresto de Gallo
0%
Fuglie d’Ulivo
0%
Tortiglioni
0%
Trottole
0%
No matching quizzes found
Score Distribution
Percent of People with Each Score
Percentile by Number Answered
Your Score History
You have not taken this quiz